00860nam a2200217 i 4500001000300000100002100003245016500024260003400189300004200223490006200265504002600327830005000353040000800403041000800411080001100419942000700430008004100437999001700478856009800495952004900593bg1 aGAWLAK, Grzegorz 0aSynteza zjawisk mechanicznych związanych z procesem wyrównoważania układów wirnikowych ze szczególnym uwzględnieniem ściernic /cGrzegorz Gawlak. aPoznań :bWydaw. PP,c1989. a194 s. :bfot., rys., wykr. ;c24 cm.1 aRozprawy / Politechnika Poznańska,x0551-6528 ;vnr 205 aBibliogr. s. 177-192. 0aRozprawy (Politechnika Poznańska) ;vnr 205 cBPK apol a621.92 cKS s pl f |000 0 pol  c29009d29009 uhttp://koha.tu.koszalin.pl/cgi-bin/koha/opac-detail.pl?biblionumber=29009yKatalog online BPK 00104070aBPKbBPKcwo35042p01222975yKS